| 000 | 00662nam a2200229 a 4500 | ||
|---|---|---|---|
| 999 |
_c4275 _d4275 |
||
| 001 | 4275 | ||
| 003 | BD-JhCC | ||
| 005 | 20230208134023.0 | ||
| 008 | 171125s19862005bg |||| |a|| 000 0 ben d | ||
| 020 | _a9848683739 | ||
| 035 | _a(BD-JhCC)4275 | ||
| 040 |
_aBD-JhCC _dBD-JhCC |
||
| 041 | _aben | ||
| 082 |
_a891.443 _bHUM 1986 |
||
| 100 | _aআহমেদ, হুমায়ূন | ||
| 245 |
_aআগুনের পরশমণি / _cহুমায়ূন আহমেদ |
||
| 260 |
_aঢাকা : _bঅন্যপ্রকাশ, _c1986. |
||
| 300 |
_a102 p. : _c22 cm. |
||
| 650 | _aHistorical Novel | ||
| 942 |
_2ddc _cBK _028 |
||